[Event "Kosice op"]
[Site "Kosice"]
[Date "1995.??.??"]
[Round "?"]
[White "Miroshnichenko, J."]
[Black "Kononenko, Tatiana"]
[Result "1/2-1/2"]
[WhiteElo "2270"]
[BlackElo "2240"]
[PlyCount "126"]
[EventDate "1995.??.??"]
[EventType "swiss"]
[EventRounds "9"]
[EventCountry "SVK"]
[SourceTitle "EXT 2000"]
[Source "ChessBase"]
[SourceDate "1999.11.16"]
[SourceVersion "1"]
[SourceVersionDate "1999.11.16"]
[SourceQuality "1"]

1. e4 c6 2. d4 d5 3. Nd2 dxe4 4. Nxe4 Nd7 5. c4 Ngf6 6. Nc3 e6 7. g3 Be7 8. Bg2 0-0 9. Nge2 e5 10. 0-0 exd4 11. Qxd4 Nc5 12. Rd1 Bg4 13. f3 Be6 14. Bf4 Qb6 15. b3 a5 16. Be3 Qb4 17. Qd2 Rad8 18. Nd4 Rd7 19. a3 Qb6 20. Qf2 Qc7 21. b4 Na6 22. Bf4 Qc8 23. bxa5 Rfd8 24. Be3 Nc5 25. Nxe6 Rxd1+ 26. Rxd1 Rxd1+ 27. Nxd1 Nxe6 28. Qb2 Qd8 29. Qd2 Qxd2 30. Bxd2 Bxa3 31. Nf2 Nc5 32. Kf1 Ne8 33. Ke1 Nd6 34. Bf1 Kf8 35. Kd1 Nf5 36. Nd3 Ke7 37. Bc1 Bxc1 38. Nxc5 Be3 39. Nxb7 Nd6 40. a6 Nxb7 41. axb7 Ba7 42. Bh3 Kd6 43. Ke2 Kc5 44. Kd3 Bb8 45. Bf5 h6 46. f4 Kb6 47. Bc8 Kc5 48. h4 Bc7 49. h5 Bb8 50. Bd7 Kb6 51. Be8 Kxb7 52. Bxf7 Kc7 53. Ke4 Kd6 54. Be8 Ba7 55. g4 Bf2 56. g5 c5 57. f5 Ke7 58. f6+ gxf6 59. gxh6 Kxe8 60. h7 f5+ 61. Kxf5 Bd4 62. Ke6 Kf8 63. h6 Bb2 1/2-1/2